Nuevo Leon State Quiz - Statistics

General Stats
  • This quiz has been taken 3 times
  • The average score is 8 of 13
Answer Stats
Hint Answer % Correct
Border town with the US that shares its name with South American country? Colombia
100%
State's name translated from Spanish? New Lion
100%
Which US state does it border? Texas
100%
Emblematic mountain that resembles a saddle? Cerro de la Silla
67%
Capital and 2nd largest city in Mexico? Monterrey
67%
Iconic Mexican convenience store that are found everywhere headquartered in the state? Oxxo
67%
Richest city in Latin America (part of the capital's metropolitan area)? San Pedro Garza Garcia
67%
Artificial river walkway and the original name of the capital city? Santa Lucia
67%
At 305 metres, Nuevo Leon is home to the tallest ___ in Mexico and Latin America? Skyscraper
67%
1 of the 2 football teams currently playing in LigaMX? Tigres UANL/CF Monterrey
67%
River that runs through the state capital? Santa Catarina
33%
Capital city was named after a town in which Spanish autonomous community? Galicia
0%
Second largest metropolitan area? Linares
0%
No matching quizzes found
Score Distribution
Percent of People with Each Score
Percentile by Number Answered
Your Score History
You have not taken this quiz